বাংলাদেশের শিশু ও তাদের অধিকার / (Record no. 48755)
[ view plain ]
| 000 -LEADER | |
|---|---|
| fixed length control field | 01441nam a2200253 a 4500 |
| 001 - CONTROL NUMBER | |
| control field | 48755 |
| 003 - CONTROL NUMBER IDENTIFIER | |
| rucl marc code | BD-RjUL |
| 005 - DATE AND TIME OF LATEST TRANSACTION | |
| control field | 20211209054559.0 |
| 008 - FIXED-LENGTH DATA ELEMENTS--GENERAL INFORMATION | |
| fixed length control field | 160816s1997 bg ||||| |||| 00| 0 ben d |
| 035 ## - SYSTEM CONTROL NUMBER | |
| System control number | (BD-RjUL)48874 |
| 040 ## - CATALOGING SOURCE | |
| Original cataloging agency | BD-RjUL |
| Language of cataloging | ben |
| Transcribing agency | BD-RjUL |
| Modifying agency | BD-RjUL |
| 041 ## - LANGUAGE CODE | |
| Language code of text/sound track or separate title | ben |
| 082 ## - DEWEY DECIMAL CLASSIFICATION NUMBER | |
| Edition number | 23 |
| Classification number | 303.32095492 |
| Author mark and year | BAN 1997 |
| 245 01 - TITLE STATEMENT | |
| Title | বাংলাদেশের শিশু ও তাদের অধিকার / |
| Statement of responsibility, etc. | সমন্বয় ও তত্ত্বাবধায় মোঃ মোতাহারুল হক, সম্পাদনা সৈয়দ মনজুরুল ইসলাম, অনুবাদ মোঃ আবদুল আজিজ ও সৈয়দ আয়াত উল্লাহ |
| 260 ## - PUBLICATION, DISTRIBUTION, ETC. (IMPRINT) | |
| Place of publication, distribution, etc. | ঢাকা : |
| Name of publisher, distributor, etc. | ইউনিসেফ, |
| Date of publication, distribution, etc. | ১৯৯৭. |
| 300 ## - PHYSICAL DESCRIPTION | |
| Pagination | ৮৩ পৃ. : |
| Illustrations | চিত্র ; |
| Size | ২৬ সেমি. |
| 650 ## - SUBJECT ADDED ENTRY--TOPICAL TERM | |
| Topical term or geographic name as entry element | সামাজিকতার |
| Geographic subdivision | বাংলাদেশ |
| 9 (RLIN) | 147078 |
| Topical term or geographic name as entry element | Socialization |
| Geographic subdivision | Bangladesh |
| 9 (RLIN) | 147079 |
| 700 ## - ADDED ENTRY--PERSONAL NAME | |
| Personal name | হক, মোঃ মোতাহারুল সমন্বয় ও তত্ত্বাবধায় |
| Personal name | ইসলাম, সৈয়দ মনজুরুল সম্পাদনা |
| Personal name | আজিজ , মোঃ আবদুল অনুবাদ |
| Personal name | উল্লাহ, সৈয়দ আয়াত অনুবাদ |
| 942 ## - ADDED ENTRY ELEMENTS (KOHA) | |
| Source of classification or shelving scheme | Dewey Decimal Classification |
| Koha item type | Books |
| Lost status | Source of classification or shelving scheme | Damaged status | Not for loan | Collection code | Permanent Location | Current Location | Shelving location | Date acquired | Source of acquisition | Total Checkouts | Full call number | Date last seen | Copy number | Koha item type |
|---|---|---|---|---|---|---|---|---|---|---|---|---|---|---|
| Dewey Decimal Classification | Non-fiction | Central Library, University of Rajshahi | Central Library, University of Rajshahi | 17/02/2009 | R.U.C.L. | B 303.32095492 BAN 1997 | 16/08/2016 | C-2 | Books |